000 00739nam a2200289Ia 4500
005 20260324145846.0
008 008 260324s9999 xx 000 0 eng d
020 _a9780429307959
037 _aEBOOK
040 _aCRL
040 _beng
040 _cCRL
041 _2eng
041 _aeng
084 _qCRL
100 _aHarvey B Silverstein
_91224433
245 0 _aSuperships And Nationstates
245 4 _bThe Transnational Politics Of The Intergovernmental Maritime Consultative Organization
260 _bTaylor and Francis
260 _c1978
365 _a
365 _b220
856 _uhttp://www.taylorfrancis.com/books/9780429307959
942 _cEBOOK
999 _c1832937
_d1832937